La contradicción capital-suelo como determinante de las formas de explotación de la fuerza de trabajo en la agricultura /

Reflexiones en torno a la problemática del desarrollo capitalista en la agricultura de los países subdesarrollados. Reflexión teórica que busca explicar la aparente relativa longevidad de las relaciones de producción, llamadas genéricamente no capitalistas, en la agricultura centroamericana, dentro...

Descripció completa

Guardat en:
Dades bibliogràfiques
Autor principal: Richter, Ernesto
Format: Text
Idioma:Spanish
Publicat: San José: CSUCA, 1978
Matèries:
Etiquetes: Afegir etiqueta
Sense etiquetes, Sigues el primer a etiquetar aquest registre!

MARC

LEADER 00000 a a2200000 04500
001 19976
003 cru CRAI/IIS
005 20210601144150.0
008 210511b |||||||| |||| 00| 0 spa d
040 |c cru CRAI/IIS 
090 |a 07.05.03 R611c 
100 1 |a Richter, Ernesto  
245 1 3 |a La contradicción capital-suelo como determinante de las formas de explotación de la fuerza de trabajo en la agricultura /  |c Ernesto Richter 
260 |a San José:   |b CSUCA,  |c 1978 
300 |a 62 p.  
500 |a Colección Centroamérica 
520 |a Reflexiones en torno a la problemática del desarrollo capitalista en la agricultura de los países subdesarrollados. Reflexión teórica que busca explicar la aparente relativa longevidad de las relaciones de producción, llamadas genéricamente no capitalistas, en la agricultura centroamericana, dentro de esa relativa estabilidad se intenta detectar las inestabilidades que las caracterizan y los cambios que estas han sufrido. Analiza también las transformaciones que desde hace un tiempo esta sufriendo la llamada gran empresa agrícola (reducción del tamaño promedio de la superficie, incremento de la composición orgánica del capital, aplicación de la ciencia como fuerza productiva)./ACM  
650 |a TEORIA ECONOMICA  
650 |a ECONOMIA AGRICOLA  
650 |a DESARROLLO CAPITALISTA  
650 |a PUB. CSUCA  
942 |2 ddc  |c LI 
999 |c 14951  |d 14951